00524 2200169 4500001002100000005001500021035002000036007000300056008003900059082000700098084001300105100001600118245013300134260004600267650002700313990001400340INLIS00000000000988120260413020950 a0010-0426000208ta260413 | | |  a81 a81 EZR i0 aEZROM LANDE1 aIMPLEMENTASI KEBIJAKAN INTEGRASI LAYANAN PRIMER (ILP) PADA PUSKESMAS BULIK UPT DINAS KESEHATAN KABUPATEN LAMANDAU /cEZROM LANDE aPALANGKA RAYA :bPERPUSTAKAAN UMPR,c2026 4aIMPLEMENTASI KEBIJAKAN a238101551